LEADER 01071nem2 2200337 450 001 990009813330403321 005 20140122102858.0 035 $a000981333 035 $aFED01000981333 035 $a(Aleph)000981333FED01 035 $a000981333 100 $a20140122d1576----km-y0itay50------ba 101 0 $aita 102 $aIT 120 $aa------------ 121 $aaa-aa---- 123 0 $aa 200 1 $aSpagnuola$bDocumento cartografico 206 $aScala non determinabile 210 $aIn Venetia$cappresso Simon Galignani et Girolamo Porro$d1576 215 $a1 c. [p. 165]$d15 x 11 cm 463 0$1001000964765 700 1$aPorcacchi,$bTommaso$f<1530-1585>$0327571 701 1$aPorro,$bGirolamo$f<1520-1604>$0327572 801 0$aIT$bUNINA$gRICA$2UNIMARC 856 4 $zVisualizza versione elettronica presso Internet culturale$uhttp://iccu01e.caspur.it/ms/internetCulturale.php?id=mag_GEO0018583&teca=GeoWeb+-+Marciana$e20140122 901 $aMP 912 $a990009813330403321 959 $aILFGE 996 $aSpagnuola$9837904 997 $aUNINA LEADER 01254nam a2200325 i 4500 001 991000834719707536 005 20020507174212.0 008 970528s1997 us ||| | eng 020 $a1565922360 035 $ab10763806-39ule_inst 035 $aLE01303030$9ExL 040 $aDip.to Matematica$beng 082 0 $a005.71 084 $aAMS 68N99 084 $aCR C.2.0 100 1 $aAlbitz, Paul$065792 245 10$aDNS and BIND /$cPaul Albitz and Cricket Liu 250 $a2nd ed 260 $aSebastopol, CA :$bO'Reilly & Associates,$c1997 300 $axviii, 418 p. :$bill. ;$c24 cm. 500 $aIncludes index 650 4$aData communication 700 1 $aLiu, Cricket$eauthor$4http://id.loc.gov/vocabulary/relators/aut$065793 907 $a.b10763806$b03-05-17$c28-06-02 912 $a991000834719707536 945 $aLE013 68N ALB21 (1997)$g1$i2013000082288$lle013$o-$pE0.00$q-$rl$s- $t0$u1$v0$w1$x0$y.i10859342$z28-06-02 945 $aLE026 005.71 ALB 01.01 1997 Scaff. A/5$g1$i2026000071077$lle026$mRiporre nello scaffale A/5$nProf. Tommasi / Dono$og$pE27.00$q-$rl$s- $t0$u0$v0$w0$x0$y.i15806285$z03-05-17 996 $aDns and bind$9378135 997 $aUNISALENTO 998 $ale013$ale026$b01-01-97$cm$da $e-$feng$gus $h0$i1